Normale Ansicht MARC-Ansicht ISBD

Fitin (Titelsatznr. 39838)

[ MARC ]
MARC-Details
000 -Satzkennung
Kontrollfeld mit fester Länge 00624nam a22002411c 4500
001 - Kontrollnummer
Kontrollfeld a987677901
008 - Feld mit fester Länge zur physischen Beschreibung - Allgemeine Angaben
Kontrollfeld mit fester Länge 161109s2016 gw |||| 000u rus d
020 ## - Internationale Standardbuchnummer
Internationale Standardbuchnummer 9785235038554
Verknüpfung 978-5-235-03855-4
041 ## - Sprachcode
Sprachcode des Textes/der Tonspur oder des separaten Titels rus
040 ## - Katalogisierungsquelle
Übertragungsstelle RU-10907106
003 - Kontrollnummer Identifier
Kontrollfeld RU-10907106
100 1# - Haupteintragung - Personenname
Personenname Bondarenko, Aleksandr Ju.
245 00 - Titel
Titel Fitin
264 ## - Produktion, Veröffentlichung, Distribution, Herstellung und Urheberrechtsvermerk
Herstellungs-, Veröffentlichungs- Vertriebs-, Erzeugungsort Moskva :
Produzent, Herausgeber, Distributor, Hersteller Molodaja gvardija,
Datum der Herstellung, der Veröffentlichung, des Vertriebs oder des Urheberschutzvermerks 2016
300 ## - Physische Beschreibung
Umfang 398 Seiten
490 #0 - Gesamttitelangabe
Gesamttitelangabe Žizn' zamečatel'nych ljudej
Bandnummer/Folgebezeichnung 1754
600 #0 - Nebeneintragung unter einem Schlagwort - Personenname
Personenname Fitin, Pavel Michajlovič
650 #0 - Nebeneintragung unter einem Schlagwort - Sachschlagwort
Sachschlagwort oder geografischer Name als Eintragungselement General
650 #0 - Nebeneintragung unter einem Schlagwort - Sachschlagwort
Sachschlagwort oder geografischer Name als Eintragungselement Weltkrieg <1939-1945>
651 #0 - Nebeneintragung unter einem Schlagwort - Geografischer Name
Geografischer Name Sowjetunion
655 #0 - Indexierungsterm - Genre/Form
Genre/Form oder fokussierter Term
942 ## - Zusätzliche Felder (Koha)
Koha-Medientyp Monographien
Exemplare
Ausgeschieden Verloren Klassifikation oder Aufstellungssystematik Beschädigt Nicht entleihbar Heimatbibliothek Aufenthaltsbibliothek Aufstellungsort Erwerbungsdatum Inventarnummer Signatur Barcode Letzte Aktivität Preis gültig von Koha-Medientyp
    Andere/Generische Klassifikation     MWN Osteuropa MWN Osteuropa Magazin - 2 09/11/2016 16-04096 R 63 rc Bon E0040150790BF589 23/02/2021 22/03/2021 Monographien